US TV Channels - Statistics

General Stats
  • This quiz has been taken 18 times
  • The average score is 28 of 32
Answer Stats
Picture Answer % Correct
Cartoon Network
100%
CBS
100%
CNN
100%
Discovery
100%
Disney Channel
100%
Food Network
100%
Fox
100%
History
100%
National Geographic
100%
NBC
100%
Nickelodeon
100%
Paramount Network
100%
TBS
100%
The CW
100%
TNT
100%
ABC
93%
ESPN
93%
FX
93%
HBO
93%
MTV
93%
NFL Network
93%
PBS
93%
truTV
93%
AMC
86%
FS1
79%
Travel Channel
71%
Fuse
64%
SYFY
50%
Telemundo
50%
VH1
50%
IFC
43%
QVC
43%
No matching quizzes found
Score Distribution
Percent of People with Each Score
Percentile by Number Answered
Your Score History
You have not taken this quiz